Chyby a omyly on-line marketingu
Prehrešky, ktorých sa dopúšťajú marketéri v oblasti internetovej reklamy. Výhoda spolupráce s agentúrou. On-line nie je iba doplnok. Stanovenie cieľov kampane a meranie. Kreatívne plánovanie médií. On-line nie je zadarmo. Agentúra ako partner.
Gespeichert in:
| 1. Verfasser: | |
|---|---|
| Format: | Buchkapitel |
| Sprache: | Tschechisch |
| Schlagworte: | |
| Tags: |
Keine Tags, Fügen Sie das erste Tag hinzu!
|
MARC
| LEADER | 00000naa a2200000 4500 | ||
|---|---|---|---|
| 001 | 0146293 | ||
| 005 | 20240315071855.5 | ||
| 041 | 0 | |a cze | |
| 044 | |a CZ | ||
| 245 | 1 | 0 | |a Chyby a omyly on-line marketingu |c Michal Popelář |
| 520 | |a Prehrešky, ktorých sa dopúšťajú marketéri v oblasti internetovej reklamy. Výhoda spolupráce s agentúrou. On-line nie je iba doplnok. Stanovenie cieľov kampane a meranie. Kreatívne plánovanie médií. On-line nie je zadarmo. Agentúra ako partner. | ||
| 610 | 2 | 0 | |a marketing |
| 610 | 2 | 0 | |a internet |
| 610 | 2 | 0 | |a reklama |
| 610 | 2 | 0 | |a firmy |
| 610 | 2 | 0 | |a médiá |
| 610 | 2 | 0 | |a agentúry |
| 100 | 1 | |a Popelář, Michal | |